000 003110000a22001330004500
003 MACL
040 _aMACL
090 _c34718
_d34716
100 _aLeech, Geoffrey
245 _aA Communicative Grammar of English
260 _bEnglish Language Book Society
_c1975
650 _aGrammer
942 _cBOOK
_k425/LEE
999 _c34353
_d34353